Managerial accounting / (Record no. 7571)

MARC details
000 -LEADER
fixed length control field 00684nam a2200253 ar4500
001 - CONTROL NUMBER
control field 3721
003 - CONTROL NUMBER IDENTIFIER
control field OSt
005 - DATE AND TIME OF LATEST TRANSACTION
control field 20250101073727.0
008 - FIXED-LENGTH DATA ELEMENTS--GENERAL INFORMATION
fixed length control field 250101s xxu a 00110 eng d
020 ## - INTERNATIONAL STANDARD BOOK NUMBER
International Standard Book Number 9781292059426
040 ## - CATALOGING SOURCE
Transcribing agency .
082 04 - DEWEY DECIMAL CLASSIFICATION NUMBER
Classification number 658.1511 B738 2015
Edition number Fourth Edition
100 1# - MAIN ENTRY--PERSONAL NAME
Personal name Braun, Karen Wilken.
245 10 - TITLE STATEMENT
Title Managerial accounting /
Statement of responsibility, etc. Karen Braun, Wendy Tietz.
250 ## - EDITION STATEMENT
Edition statement 4rd ed.
260 ## - PUBLICATION, DISTRIBUTION, ETC.
Place of publication, distribution, etc. Boston, Mass. :
Name of publisher, distributor, etc. Pearson,
Date of publication, distribution, etc. 2015.
300 ## - PHYSICAL DESCRIPTION
Extent 943 p
Dimensions 28 cm.
500 ## - GENERAL NOTE
General note Includes index.
650 #4 - SUBJECT ADDED ENTRY--TOPICAL TERM
Topical term or geographic name entry element Managerial accounting.
650 #4 - SUBJECT ADDED ENTRY--TOPICAL TERM
Topical term or geographic name entry element Cost accounting.
650 #4 - SUBJECT ADDED ENTRY--TOPICAL TERM
Topical term or geographic name entry element Business planning.
700 0# - ADDED ENTRY--PERSONAL NAME
Personal name Tietz, Wendy M.,
Relator term jt. auth.
942 ## - ADDED ENTRY ELEMENTS (KOHA)
Source of classification or shelving scheme Dewey Decimal Classification
Koha item type English Book
Holdings
Withdrawn status Lost status Source of classification or shelving scheme Damaged status Not for loan Home library Current library Date acquired Total Checkouts Full call number Barcode Date last seen Copy number Price effective from Koha item type
    Dewey Decimal Classification     KHOBAR KHOBAR 01/01/2025   658.1511 B738 2015 1000000034679 01/01/2025 C1 01/01/2025 English Book
    Dewey Decimal Classification     KHOBAR KHOBAR 01/01/2025   658.1511 B738 2015   01/01/2025 C1 01/01/2025 English Book
    Dewey Decimal Classification     KHOBAR KHOBAR 01/01/2025   658.1511 B738 2015 1000000034678 01/01/2025 C2 01/01/2025 English Book